000 00804nam a2200217 i 4500
001 19787
003 ES-MaACL
005 20230906152151.0
007 t|
008 021015s1921 sp ||||1| spa d
100 1 _aÁlvarez Quintero, Serafín,
_d1871-1938
_9226443
245 1 4 _aLos pápiros :
_bzarzuela cómica en tres actos /
_cSerafín y Joaquín Álvarez Quintero ; música de Pablo Luna.
260 _aMadrid :
_bRenacimiento,
_c1921 (
_fImp. Clásica Española)
300 _a78 p. ;
_c19 cm.
500 _aSólo la letra.
594 _a"Estrenada en el Teatro de la Reina Victoria el 25 de febrero de 1921"
700 1 _aÁlvarez Quintero, Joaquín,
_d1873-1944
_920922
700 1 _aLuna, Pablo.
_974763
852 _aES-MaACL
_jF-8657(2)
_z- Enc. con otras obras
999 _c19787
_d19787